| 000 | 01155nam a22002897a 4500 | ||
|---|---|---|---|
| 003 | dpl | ||
| 005 | 20180907124931.0 | ||
| 008 | 180907b xxu||||| |||| 00| 0 eng d | ||
| 010 | _aB-038829 | ||
| 020 | _c175.00 | ||
| 035 | _aB-038829, B-038833 | ||
| 037 | _bCen Lib/Ret | ||
| 040 |
_aDPL _bHN _c0 |
||
| 082 |
_aक _bपाण्डेय |
||
| 100 |
_aपाण्डेय , दयानंद _967012 |
||
| 245 |
_aबडकी दी का यक्ष प्रश्न / _c दयानंद पाण्डेय |
||
| 246 |
_aBadki di ka prasan _b by Dyanand Pandey |
||
| 260 |
_aदिल्ली _bजनवाणी प्रकाशन _c2000 |
||
| 270 |
_a30/35-36, गली न. 9, विश्वास नगर _bदिल्ली _e110032 |
||
| 300 |
_a174पृष्ठ. _c21सेमी(सजिल्द) |
||
| 650 |
_aहिंदी साहित्य _967013 |
||
| 650 |
_a हिंदी कहानी _967014 |
||
| 650 |
_aHindi literature _967015 |
||
| 650 |
_a Hindi story _943117 |
||
| 700 |
_aविलिनाथान _967016 |
||
| 942 |
_2ddc _cHN _hक _mपाण्डेय |
||
| 999 |
_c116531 _d116531 |
||